000 00512nam a2200157Ia 4500
005 20260121165314.0
008 260121s9999 xx 000 0 und d
041 _amar
082 _a370
100 _aतोमर, लज्जाराम
245 _aविद्याभारतीच्या चिंतनाची दिशा
250 _a1
260 _bभारतीय विचार साधना पुणे
_c2022
300 _a208
650 _aमराठी साहित्य
999 _c370008
_d370008